| 000 | 00823nam a22002177a 4500 | ||
|---|---|---|---|
| 999 |
_c10190 _d10190 |
||
| 003 | AR-CdUCM | ||
| 008 | 190329b ||||| |||| 00| 0 spa d | ||
| 020 | _a9972-876-03-9 | ||
| 040 |
_aMUNICIPALIDAD PROVINCIAL DEL CUSCO _cBIBLIOTECA MUNICIPAL DEL CUSCO |
||
| 082 |
_aES / 372.5 / _bP88 |
||
| 100 |
_aPowell, Harol _926895 |
||
| 245 | _aIniciación a la cerámica / | ||
| 260 |
_aMadrid : _bEdic.Altea, _c1977. |
||
| 300 |
_a134 paginas ; _bIlustraciones, _c20 cm. |
||
| 440 |
_aColección Unicornio Azul _926896 |
||
| 505 | _aContenido :La arcilla --El método de los rollos o macarrones --El método de las placas o tortas --Modelo de figuras --Adorno de cerámicas --Historia gráfica de la cerámica ... | ||
| 650 |
_aEducación secundaria _94648 |
||
| 650 |
_aArte _9561 |
||
| 942 |
_2ddc _cLIBROS |
||
| 945 | _arjall | ||